Astronomy with a Home Computer /

Na minha lista:
Detalhes bibliográficos
Autor principal: Neale Monks (autor)
Formato: Livro
Idioma:inglês
Publicado em: Londres, Inglaterra : Springer, 2005, c2005
Colecção:(The Patrick Moore Practical Astronomy Series)
Acesso em linha:Ver documento en línea
Tags: Adicionar Tag
Sem tags, seja o primeiro a adicionar uma tag!

MARC

LEADER 00000nam^a22000000a04500
001 000611454
009 20260411195624.509
020 |a 978-1-84628-077-1 
022 |a 2197-6562 
037 |a Acervo ITESO - Biblioteca 
041 |a ING 
082 |a Libro en línea 
100 |a Neale Monks  |e (autor) 
245 |a Astronomy with a Home Computer / 
264 4 |a Londres, Inglaterra :  |b Springer,  |c 2005, c2005 
264 2 |a Cham, Suiza :  |b Springer Link [distribución],  |c 2025 
300 |a 1 libro electrónico en línea (VII, 202 p.) 
300 |a 1 recurso en línea 
336 |a datos para computadora  |b cod  |2 rdacontenido 
337 |a computadora  |b c  |2 rdamedio 
338 |a recurso en línea  |b cr  |2 rdasoporte 
440 |a (The Patrick Moore Practical Astronomy Series) 
506 0 |a Licencias ilimitadas 
567 |a Catalogación rápida 
649 |a XX 
856 4 0 |u https://link-springer-com.ezproxy.iteso.mx/10.1007/b138450  |y Ver documento en línea 
910 |a Fondo General 
920 |a Electrónicos - Libros en Línea 
930 |a Plataforma Digital 
905 |a 205 
902 |a https://opac.biblio.iteso.mx/vufind/Record/000611454